Biblioteca

Routledge international handbook of migration studies (Registro nro. 65019)

Detalles MARC
000 -LÍDER
Campo fijo de descripción fija 01757cam a2200397 i 4500
001 - NÚMERO DE CONTROL
Campo de control 17104737
003 - IDENTIFICADOR DEL NÚMERO DE CONTROL
Campo de control CO-MdFUSB
005 - FECHA Y HORA DE LA ULTIMA TRANSACCIÓN
control field 20220623062543.0
008 - ELEMENTOS DE LONGITUD FIJA -- INFORMACIÓN GENERAL
Campo fijo de descripción fija -- Información general 120104t20132012enka g b 001 0 eng
010 ## - NÚMERO DE CONTROL DE LA BIBLIOTECA DEL CONGRESO
Número de control LC 2011051865
020 ## - NÚMERO INTERNACIONAL NORMALIZADO PARA LIBROS
Número Internacional Normalizado del libro 9780415779722 (hardback)
020 ## - NÚMERO INTERNACIONAL NORMALIZADO PARA LIBROS
Número Internacional Normalizado del libro 9781138787735
040 ## - FUENTE DE CATALOGACIÓN
Agencia de catalogación original DLC
Agencia que realiza la transcripción CO-MdFUSB
Agencia que realiza la modificación DLC
Idioma de catalogación spa
Convenciones de la descripción rda
041 ## - CÓDIGO DE IDIOMA
Código de idioma para texto/pista de sonido o título separado eng
042 ## - AUTHENTICATION CODE
Authentication code pcc
082 00 - NÚMERO DE CLASIFICACIÓN DECIMAL DEWEY
Número de la edición del Dewey 24
Número de clasificación 325
Clave de autor-Numero de item R869
245 00 - TÍTULO
Título del Material Routledge international handbook of migration studies
Mención de responsabilidad, etc. / editado por Steven J. Gold y Stephanie J. Nawyn.
246 30 - FORMA VARIANTE DEL TITULO
Título propiamente dicho/forma breve del título International handbook of migration studies
264 #1 - PRODUCCIÓN, PUBLICACIÓN, DISTRIBUCIÓN, MANUFACTURA, Y COPYRIGHT
Lugar de producción, publicación, distribución, manufactura London ;
Nombre del productor, publicador, distribuidor Routledge,
Fecha de producción, publicación, distribución, manufactura, o copyright ℗[2014]
264 #4 - PRODUCCIÓN, PUBLICACIÓN, DISTRIBUCIÓN, MANUFACTURA, Y COPYRIGHT
Fecha de producción, publicación, distribución, manufactura, o copyright ©2013
300 ## - DESCRIPCIÓN FÍSICA
Extensión xix, 613 páginas :
Otros detalles físicos ilustraciones ;
Dimensiones 25 cm.
336 ## - TIPO DE CONTENIDO
Fuente rdacontent
Término de tipo de contenido texto
Código de tipo de contenido txt
337 ## - TIPO DE MEDIO
Fuente rdamedia
Nombre del tipo de medio sin mediación
Código del tipo de medio n
338 ## - TIPO DE SOPORTE
Fuente rdacarrier
Nombre del tipo de soporte volumen
Código Tipo de soporte nc
490 0# - MENCIÓN DE SERIE
Mención de serie Routledge intenational handbooks
501 ## - NOTA DE “CON”
Nota de Contenido Incluye índice (páginas 576- 613)
505 ## - NOTA DE CONTENIDO
Nota de contenido con formato preestablecido Teorías e historias de la migración internacional -- Refugiados y migrantes forzosos -- Migrantes en la economía -- Intersección de las desigualdades en las vidas de los migrantes -- Creación y recreación de la identidad comunitaria y grupal -- Migrantes y reproducción social -- Migración y el estado -- Mantener enlaces a través de las fronteras -- Métodos para estudiar la migración internacional
650 #7 - ASIENTO SECUNDARIO DE MATERIA - TERMINO TEMÁTICO
Término temático o nombre geográfico como elemento de entrada Emigración e inmigración
Fuente del encabezamiento o término
9 (RLIN) 2117
700 1# - ASIENTO SECUNDARIO - NOMBRE PERSONAL
Nombre personal Gold, Steven J.
Fuller form of name (Steven James)
700 1# - ASIENTO SECUNDARIO - NOMBRE PERSONAL
Nombre personal Nawyn, Stephanie J.
906 ## - LOCAL DATA ELEMENT F, LDF (RLIN)
a 7
b cbc
c orignew
d 1
e ecip
f 20
g y-gencatlg
942 ## - TIPO DE MATERIAL (KOHA)
Tipo de Item KOHA Libros General
Existencias
Estado de Material Estado de Perdido Forma de Clasificación Estado de Dañado No para Préstamo Colección Biblioteca de Origen Biblioteca Permanente Fecha de Adquisición Total de Préstamos Total de Renovaciones Signatura Topográfica Código de Barras Última vez visto Última vez Préstado Ejemplar/Existencia Fecha de Remplazo Tipo de Material
    Dewey Decimal Classification     Colección General Biblioteca FUSBC Biblioteca FUSBC 10/05/2019 3 4 G 325 R869 14662 10/03/2020 29/01/2020 Ej. 1 10/05/2019 Libros General

Biblioteca FUSBC | Teléfono: (57+4) 349 88 10 Ext. 141| WhatsApp (+57) 3005338115 
E-mail: biblioteca@unisbc.edu.co | Calle 76 87-14 Robledo Palenque, Medellín, Colombia

Con tecnología Koha